Statistics for NHL Canada 2002 Olympic Hockey Team

Click here to take the quiz!

General Stats

  • This quiz has been taken 287 times
    (283 since last reset)
  • The average score is 15 of 25

Answer Stats

Position + Jersey NumberAnswer% Correct
F #66 (C)Mario Lemieux
94%
G #30Martin Brodeur
91%
F #91 (A)Joe Sakic
87%
F #19 (A)Steve Yzerman
85%
D #44 (A)Chris Pronger
82%
D #27Scott Niedermayer
80%
F #88Eric Lindros
79%
F #12Jarome Iginla
77%
D #4Rob Blake
71%
F #9Paul Kariya
67%
D #52Adam Foote
65%
G #31Curtis Joseph
65%
General ManagerWayne Gretzky
64%
G #20Ed Belfour
62%
F #14Brenden Shanahan
55%
F #74Theoren Fleury
53%
F #94Ryan Smyth
45%
Head CoachPat Quinn
44%
D #55Ed Jovanovski
43%
F #21Simon Gagne
37%
D #2Al MacInnis
34%
F #25Joe Nieuwendyk
33%
F #11Owen Nolan
33%
D #3Eric Brewer
31%
F #37 (A)Michael Peca
22%

Score Distribution

Percentile by Number Answered

Percent of People with Each Score

Your Score History

You have not taken this quiz since the last reset